| Tag |
First Indicator |
Second Indicator |
Subfields |
| LEADER |
00000pam a2200000 a 4500 |
| 001 |
in00000088239 |
| 005 |
20151008063108.0 |
| 008 |
810430s1982 njuaef b 00110 eng |
| 010 |
|
|
|a 81007302
|
| 020 |
|
|
|a 0691039844 :
|c $40.00
|
| 020 |
|
|
|a 0691101272 (pbk.) :
|c $16.50
|
| 035 |
|
|
|a (OCoLC)07553460
|
| 035 |
|
|
|9 AAK1574AM
|
| 039 |
0 |
|
|a 2
|b 3
|c 3
|d 3
|e 3
|
| 040 |
|
|
|a DLC
|c DLC
|d TXA
|d UtOrBLW
|
| 043 |
|
|
|a e-uk---
|
| 049 |
|
|
|a TXAM
|c [1387799]
|
| 050 |
0 |
0 |
|a NA997 D43
|b B5 1982
|
| 082 |
0 |
|
|a 720/.92/2
|2 19
|
| 100 |
1 |
|
|a Blau, Eve.
|
| 245 |
1 |
0 |
|a Ruskinian Gothic :
|b the architecture of Deane and Woodward, 1845-1861 /
|c Eve Blau.
|
| 264 |
|
1 |
|a Princeton, N.J. :
|b Princeton University Press,
|c [1982]
|
| 264 |
|
4 |
|c ©1982
|
| 300 |
|
|
|a xix, 219 pages, 72 unnumbered pages of plates :
|b illustrations, plans ;
|c 26 cm.
|
| 336 |
|
|
|a text
|b txt
|2 rdacontent
|
| 337 |
|
|
|a unmediated
|b n
|2 rdamedia
|
| 338 |
|
|
|a volume
|b nc
|2 rdacarrier
|
| 500 |
|
|
|a Includes index.
|
| 504 |
|
|
|a Bibliography: pages 201-209.
|
| 600 |
1 |
0 |
|a Deane, Thomas,
|d 1792-1871.
|
| 600 |
1 |
0 |
|a Woodward, Benjamin,
|d 1816-1861.
|
| 650 |
|
0 |
|a Gothic revival (Architecture)
|z Great Britain.
|
| 999 |
|
|
|a MARS
|
| 999 |
f |
f |
|s 54bd8b4d-ff02-381d-8a6d-8b7499c18376
|i d53e726e-4559-3bf4-849b-514ff8c23f40
|t 0
|
| 952 |
f |
f |
|p ric
|a Texas A&M University
|b Rellis Campus
|c Joint Library Facility
|d Remote Storage
|t 0
|e NA997 D43 B5 1982
|h Library of Congress classification
|i unmediated -- volume
|m A14805973255
|
| 998 |
f |
f |
|a NA997 D43 B5 1982
|t 0
|l Remote Storage
|